|
|
|
|
| LEADER |
01411nam a2200325 a 4500 |
| 001 |
GR-MES1414 |
| 008 |
991111s1988 gr 000 0 gre d |
| 040 |
|
|
|a GrPaTEI
|b gre
|c GR-PaULI
|
| 245 |
0 |
0 |
|a Προγραμματισμός ανθρώπινου δυναμικού.
|
| 250 |
|
|
|a 2η
|
| 260 |
|
|
|a Αθήνα :
|b Γάλαιος,
|c 1988
|
| 300 |
|
|
|a 63σελ. :
|b πιν.
|
| 490 |
1 |
|
|a Τετράδια μάνατζμεντ
|
| 650 |
|
4 |
|a ΔΙΟΙΚΗΣΗ
|
| 650 |
|
4 |
|a Επικοινωνία
|
| 650 |
|
4 |
|a Επιχείρηση
|
| 650 |
|
4 |
|a Μάνατζμεντ
|
| 650 |
|
4 |
|a ΟΡΓΑΝΩΣΗ
|
| 650 |
|
4 |
|a ΠΡΟΣΩΠΙΚΟΥ
|
| 650 |
|
4 |
|a ΣΤΕΛΕΧΗ
|
| 700 |
1 |
|
|a Μαντές, Γ. Α.
|
| 700 |
1 |
|
|a Παπαδόπουλος, Ν. Γ.
|
| 700 |
1 |
|
|a Τζεκίνης, Χρήστος,
|d 1924-
|
| 710 |
0 |
|
|a Γάλαιος
|
| 830 |
|
0 |
|1 0015530
|1 2001
|a Τετράδια μάνατζμεντ
|
| 942 |
|
|
|2 ddc
|
| 952 |
|
|
|0 0
|1 0
|2 ddc
|4 0
|6 658_312000000000000_ΤΖΕ
|7 0
|9 265593
|a MSLG
|b MSLG
|c BSC
|d 2021-01-17
|e 24
|f 0
|g 0.00
|l 0
|o 658.312 ΤΖΕ
|p 2420000013431
|r 2021-01-17 00:00:00
|t 1
|w 2021-01-17
|y BK15
|x 19991111 0 1
|x GrPaTEI
|
| 952 |
|
|
|0 0
|1 0
|2 ddc
|4 0
|6 658_312000000000000_ΤΖΕ
|7 0
|9 265594
|a MSLG
|b MSLG
|c BSC
|d 2021-01-17
|e 24
|f 0
|g 0.00
|i 13432
|l 0
|o 658.312 ΤΖΕ
|p 2420000013432
|r 2021-01-17 00:00:00
|t 2
|w 2021-01-17
|y BK15
|x 19991111 0 1
|x GrPaTEI
|
| 971 |
|
|
|a .b25724563
|b 16-04-20
|c 13-09-16
|
| 999 |
|
|
|c 152667
|d 152667
|